Escrito o fragmento de crónica de fray Nicolás de Ornelas /
Fragmento del documento escrito por el fraile alteño Nicolás Antonio de Ornelas entre 1719 y 1722, central para el estudio de la vida colonial en Jalisco.
Guardat en:
| Autor principal: | |
|---|---|
| Altres autors: | |
| Format: | Llibre |
| Idioma: | espanyol |
| Edició: | Edición de mimeógrafo |
| Matèries: | |
| Etiquetes: |
Sense etiquetes, Sigues el primer a etiquetar aquest registre!
|
MARC
| LEADER | 00000nam^a2200000^a^4500 | ||
|---|---|---|---|
| 001 | 000131817 | ||
| 005 | 20250526000000.0 | ||
| 009 | 20260310095037.201 | ||
| 037 | |a Acervo ITESO - Biblioteca | ||
| 041 | |a ESP | ||
| 082 | |a 972. 3503 |b ORN | ||
| 100 | |a Ornelas Mendoza y Valdivia, Nicolás Antonio de, |c Fray |e (autor) | ||
| 240 | 1 | 1 | |a [Crónica de la provincia de Santiago de Jalisco] |
| 245 | 1 | 0 | |a Escrito o fragmento de crónica de fray Nicolás de Ornelas / |c Fray N.A. de Ornelas Mendoza y Valdivia ; prelim. de L. del Refugio de Palacio. |
| 246 | 2 | |a Título en la cubierta: Crónica de la provincia de Santiago de Jalisco | |
| 250 | |a Edición de mimeógrafo | ||
| 264 | |a México : |b editorial no identificada, |c fecha no identificada | ||
| 300 | |a 120 p. ; |c 28.5 cm. | ||
| 520 | |a Fragmento del documento escrito por el fraile alteño Nicolás Antonio de Ornelas entre 1719 y 1722, central para el estudio de la vida colonial en Jalisco. | ||
| 649 | |a XX | ||
| 650 | |a Jalisco - |x Historia - |y Virreinato, 1535-1821 | ||
| 650 | |a Jalisco - |x Historia - |y Epoca Colonial, 1517-1821 | ||
| 650 | |a México - |x Historia - |y Virreinato, 1535-1821 | ||
| 650 | |a México - |x Historia - |y Epoca Colonial, 1517-1821 | ||
| 700 | |a Palacio y Basave, Luis del Refugio de, |c Fray |e (preliminares) | ||
| 910 | |a Fondo Salvador Reynoso Reynoso | ||
| 920 | |a Impresos - Libros | ||
| 930 | |a Libros Antiguos y Raros | ||
| 905 | |a 108 | ||
| 901 | |a 0800012293 |b IT2 |c LRA |u 20250526 | ||
| 902 | |a https://opac.biblio.iteso.mx/vufind/Record/000131817 | ||